মনস্তাত্ত্বিক কাউন্সেলিং / (Record no. 14132)
[ view plain ]
| 000 -LEADER | |
|---|---|
| fixed length control field | 00807nam a2200241 a 4500 |
| 001 - CONTROL NUMBER | |
| JCCL Control Number | 14132 |
| 003 - CONTROL NUMBER IDENTIFIER | |
| JCCL marc code | BD-JhCC |
| 005 - DATE AND TIME OF LATEST TRANSACTION | |
| control field | 20250106084542.0 |
| 008 - FIXED-LENGTH DATA ELEMENTS--GENERAL INFORMATION | |
| fixed length control field | 210831b2024 bg |||| ||a| 000 0 ben d |
| 020 ## - INTERNATIONAL STANDARD BOOK NUMBER | |
| International Standard Book Number | 9789848801697 |
| 035 ## - SYSTEM CONTROL NUMBER | |
| system control number | (BD-JhCC)14132 |
| 040 ## - CATALOGING SOURCE | |
| Original cataloging agency | BD-JhCC |
| Modifying agency | BD-JhCC |
| 041 ## - LANGUAGE CODE | |
| Language code of Book | Bengali |
| 082 ## - DEWEY DECIMAL CLASSIFICATION NUMBER | |
| DDC Edition number | 23 |
| Classification number | 158.1 |
| Author mark and Year | BAD 2024 |
| 100 ## - MAIN ENTRY--PERSONAL NAME | |
| Personal name | বাদরি, মালিক |
| 245 ## - TITLE STATEMENT | |
| Title | মনস্তাত্ত্বিক কাউন্সেলিং / |
| Statement of responsibility, etc | মালিক বাদরি,অনু:ইমদাদুল হক । |
| 260 ## - PUBLICATION, DISTRIBUTION, ETC. (IMPRINT) | |
| Place of publication, distribution, etc | ঢাকা: |
| Name of publisher, distributor, etc | অবসর; |
| Date of publication, distribution, etc | ২০২৪. |
| 300 ## - PHYSICAL DESCRIPTION | |
| Pagination | 168 p. : |
| Dimensions | 22 cm. |
| 650 ## - SUBJECT ADDED ENTRY--TOPICAL TERM | |
| Topical term or geographic name as entry element | Self-improvement and motivation |
| Geographic subdivision | Interpersonal relations |
| 700 ## - ADDED ENTRY--PERSONAL NAME | |
| Personal name | হক,ইমদাদুল |
| 942 ## - ADDED ENTRY ELEMENTS (KOHA) | |
| Source of classification or shelving scheme | Dewey Decimal Classification |
| Koha item type | Books |
| Koha issues (borrowed), all copies | 2 |
| Source of classification or shelving scheme | Damaged status | Not for loan | Home library | Current library | Shelving location | Date of accession | Cost, normal purchase price | Total Checkouts | Full call number | Barcode | Date last seen | Date checked out | Copy number | Method of acquisition | Koha item type | Currency | Checked out |
|---|---|---|---|---|---|---|---|---|---|---|---|---|---|---|---|---|---|
| Dewey Decimal Classification | JCC Rouf Library | JCC Rouf Library | General Stacks | 380.00 | 3 | 158.1 BAD 2024 | 19837 | 03/17/2025 | 03/17/2025 | C-1 | Exchange | Books | BDT | ||||
| Dewey Decimal Classification | JCC Rouf Library | JCC Rouf Library | General Stacks | 380.00 | 5 | 158.1 BAD 2024 | 19838 | 10/29/2025 | 10/15/2025 | C-2 | Purchase | Books | BDT | ||||
| Dewey Decimal Classification | JCC Rouf Library | JCC Rouf Library | General Stacks | 380.00 | 1 | 158.1 BAD 2024 | 19839 | 08/07/2025 | 04/13/2025 | C-3 | Purchase | Books | BDT | ||||
| Dewey Decimal Classification | JCC Rouf Library | JCC Rouf Library | General Stacks | 380.00 | 3 | 158.1 BAD 2024 | 19840 | 01/22/2026 | 01/22/2026 | C-4 | Purchase | Books | BDT | 02/28/2026 | |||
| Dewey Decimal Classification | JCC Rouf Library | JCC Rouf Library | General Stacks | 380.00 | 1 | 158.1 BAD 2024 | 19841 | 05/29/2025 | 01/19/2025 | C-5 | Purchase | Books | BDT |